Города по Буквам — А - Statistics

General Stats
  • This quiz has been taken 500 times
  • The average score is 7 of 19
Answer Stats
Подсказка Город % Correct
Три года он был Нур-Султаном Астана
91%
Город с арбузами и осетриной Астрахань
62%
Город российского Северного флота Архангельск
60%
Столица Мадагаскара, также назывался Тананариве Антананариву
58%
По его образу строили Петербург Амстердам
56%
Курорт на турецком Средиземноморье Анталья
51%
Крупнейший город Казахстана Алматы
50%
В нём находились древний маяк и библиотека Александрия
46%
Столица Нигерии Абуджа
40%
Порт в Бельгии, здесь находится крупная биржа алмазов Антверпен
34%
Крупнейший город Сирии Алеппо
29%
Столица в белом мраморе и золотыми статуями диктаторов Ашхабад
28%
Столица Южной Австралии Аделаида
26%
Мексиканский курортный город (Вспомните песню Вайкуле: "...ай-яй-яй") Акапулько
22%
"Гранитный город" в Шотландии Абердин
18%
Университетский город на юге Баварии Аугсбург
14%
Город пленения Папы Римского в 1309-1377 Авиньон
10%
Город в штате Джорджия, родина Кока-Колы Атланта
7%
Город в австралийском аутбэке Алис-Спрингс
3%
No matching quizzes found
Score Distribution
Percent of People with Each Score
Percentile by Number Answered
Your Score History
You have not taken this quiz